000 00289nam a22001337a 4500
008 170203b xxu||||| |||| 00| 0 eng d
020 _a9780471569701
041 _aeng
080 _a61
100 _a3
101 _ashm
245 _aPREVENTIVE INTERVENTIONS FOR ADULTS
942 _2udc
_cBK
999 _c4480
_d4480